| 000 | 00726cam a22002411 4500 | ||
|---|---|---|---|
| 001 | 10959 | ||
| 003 | BD-RjUL | ||
| 005 | 20211208235039.0 | ||
| 008 | 140125r19491923en 001 0 eng | ||
| 035 | _a(BD-RjUL)11008 | ||
| 035 | _a(OCoLC)3862747 | ||
| 040 |
_aDLC _cOT _dDLC _beng |
||
| 041 | _aeng | ||
| 082 | 0 | 4 |
_216 _a 558.105 _bSKP 1949 |
| 100 | 1 |
_a Skeat, Ethel Gertrude _933867 |
|
| 245 | 1 | 4 |
_aThe principles of geography, physical & human / _cby E. G. Skeat (Mrs. Woods) |
| 260 |
_aOxford : _bThe Clarendon press, _c1923 [reprinted 1949]. |
||
| 300 |
_a432 p. : _bill. ; _c19 cm. |
||
| 504 | _aBibliographical reference and index. | ||
| 650 | 0 |
_aPhysical geography. _933868 |
|
| 942 |
_2ddc _cBK |
||
| 999 |
_c10959 _d10959 |
||